[Event "DVM U20 2021"]
[Site "Kiel GER"]
[Date "2022.07.23"]
[Round "2"]
[White "Rempel, Alexander"]
[Black "Lüersen, Lukas"]
[Result "0-1"]
[Termination "normal"]
[Board "6.6"]
[WhiteElo "1401"]
[BlackElo "1225"]
[WhiteClock "00:02:28"]
[BlackClock "00:47:00"]
[WhiteTeam "Schachfreunde Augsburg"]
[BlackTeam "Schachfreunde Essen-Katernberg 04/32 e. V."]
[PlyCount "88"]
[WhiteFideId "34618600"]
[BlackFideId "34628371"]
[EventCountry "GER"]
[EventRounds "7"]
[EventType "team-swiss"]
[EventDate "2022.07.22"]

1. e4 {[%clk 01:30:56]} {[%emt 00:00:04]} c5 {[%clk 01:30:53]} {[%emt
00:00:07]} 2. Nf3 {[%clk 01:31:20]} {[%emt 00:00:07]} d6 {[%clk 01:31:21]}
{[%emt 00:00:02]} 3. d4 {[%clk 01:31:41]} {[%emt 00:00:09]} cxd4 {[%clk
01:31:48]} {[%emt 00:00:03]} 4. Nxd4 {[%clk 01:32:00]} {[%emt 00:00:10]} Nf6
{[%clk 01:32:11]} {[%emt 00:00:06]} 5. Nc3 {[%clk 01:32:23]} {[%emt 00:00:08]}
g6 {[%clk 01:32:35]} {[%emt 00:00:07]} 6. Bc4 {[%clk 01:31:23]} {[%emt
00:01:31]} Bg7 {[%clk 01:32:49]} {[%emt 00:00:15]} 7. f3 {[%clk 01:29:21]}
{[%emt 00:02:33]} a6 {[%clk 01:32:13]} {[%emt 00:01:05]} 8. Be3 {[%clk
01:25:18]} {[%emt 00:04:33]} b5 {[%clk 01:32:04]} {[%emt 00:00:39]} 9. Bb3
{[%clk 01:25:03]} {[%emt 00:00:46]} Bb7 {[%clk 01:31:43]} {[%emt 00:00:49]} 10.
Qd2 {[%clk 01:23:56]} {[%emt 00:01:37]} h5 {[%clk 01:31:31]} {[%emt 00:00:42]}
11. h4 {[%clk 01:23:00]} {[%emt 00:01:27]} Nbd7 {[%clk 01:30:11]} {[%emt
00:01:49]} 12. a3 {[%clk 01:16:45]} {[%emt 00:06:46]} Rc8 {[%clk 01:29:16]}
{[%emt 00:01:24]} 13. Qf2 {[%clk 01:09:38]} {[%emt 00:07:37]} Ne5 {[%clk
01:23:55]} {[%emt 00:05:51]} 14. Rg1 {[%clk 01:00:48]} {[%emt 00:09:20]} e6
{[%clk 01:22:25]} {[%emt 00:02:00]} 15. Rd1 {[%clk 00:40:41]} {[%emt 00:20:37]}
Nc4 {[%clk 01:19:54]} {[%emt 00:03:00]} 16. Bxc4 {[%clk 00:39:01]} {[%emt
00:02:11]} Rxc4 {[%clk 01:19:47]} {[%emt 00:00:36]} 17. Bg5 {[%clk 00:36:40]}
{[%emt 00:02:51]} Qb6 {[%clk 01:16:52]} {[%emt 00:03:26]} 18. Be3 {[%clk
00:30:27]} {[%emt 00:06:43]} Qc7 {[%clk 01:15:15]} {[%emt 00:02:06]} 19. Ndxb5
{[%clk 00:29:29]} {[%emt 00:01:30]} axb5 {[%clk 01:06:41]} {[%emt 00:09:04]}
20. e5 {[%clk 00:22:39]} {[%emt 00:07:20]} dxe5 {[%clk 01:01:37]} {[%emt
00:05:33]} 21. Nxb5 {[%clk 00:18:19]} {[%emt 00:04:51]} Qa5+ {[%clk 01:00:47]}
{[%emt 00:01:19]} 22. Qd2 {[%clk 00:17:22]} {[%emt 00:01:28]} Qxd2+ {[%clk
00:59:40]} {[%emt 00:01:36]} 23. Rxd2 {[%clk 00:17:32]} {[%emt 00:00:20]} O-O
{[%clk 00:57:26]} {[%emt 00:02:43]} 24. Nd6 {[%clk 00:16:34]} {[%emt 00:01:28]}
Rc7 {[%clk 00:57:11]} {[%emt 00:00:45]} 25. Nxb7 {[%clk 00:16:28]} {[%emt
00:00:36]} Rxb7 {[%clk 00:57:12]} {[%emt 00:00:30]} 26. c4 {[%clk 00:16:41]}
{[%emt 00:00:17]} e4 {[%clk 00:55:01]} {[%emt 00:02:41]} 27. Ke2 {[%clk
00:15:28]} {[%emt 00:01:43]} Rc8 {[%clk 00:54:18]} {[%emt 00:01:12]} 28. Rc1
{[%clk 00:14:20]} {[%emt 00:01:38]} Rb3 {[%clk 00:53:26]} {[%emt 00:01:22]} 29.
Rdc2 {[%clk 00:10:29]} {[%emt 00:04:21]} exf3+ {[%clk 00:53:00]} {[%emt
00:00:56]} 30. gxf3 {[%clk 00:10:44]} {[%emt 00:00:16]} Nd7 {[%clk 00:53:15]}
{[%emt 00:00:15]} 31. Bf4 {[%clk 00:09:46]} {[%emt 00:01:27]} Be5 {[%clk
00:51:46]} {[%emt 00:01:59]} 32. Bd2 {[%clk 00:06:57]} {[%emt 00:03:20]} Rxb2
{[%clk 00:51:12]} {[%emt 00:01:04]} 33. Ke3 {[%clk 00:06:09]} {[%emt 00:01:18]}
Rxc2 {[%clk 00:50:29]} {[%emt 00:01:12]} 34. Rxc2 {[%clk 00:06:29]} {[%emt
00:00:09]} Nc5 {[%clk 00:50:21]} {[%emt 00:02:18]} 35. f4 Bf6 {[%emt 00:01:01]}
36. Be1 {[%clk 00:05:11]} {[%emt 00:00:08]} Rd8 {[%clk 00:49:07]} {[%emt
00:02:55]} 37. Bb4 Rc8 {[%emt 00:01:00]} 38. Be1 {[%clk 00:04:18]} {[%emt
00:00:10]} Be7 {[%clk 00:47:38]} {[%emt 00:02:57]} 39. Kd4 Rd8+ {[%clk
00:46:59]} {[%emt 00:01:14]} 40. Ke3 {[%clk 00:02:59]} Rd3+ 41. Ke2 {[%clk
00:03:01]} Rxa3 {[%clk 00:46:59]} 42. Bb4 {[%clk 00:03:01]} Rb3 {[%clk
00:46:59]} 43. Be1 {[%clk 00:02:28]} {[%emt 00:02:55]} Ra3 {[%clk 00:47:00]}
{[%emt 00:01:06]} 44. Bb4 Rb3 0-1

[Event "DVM U20 2021"]
[Site "Kiel GER"]
[Date "2022.07.23"]
[Round "2"]
[White "Arndt, Magnus"]
[Black "Mooser, Nicolas"]
[Result "1-0"]
[Termination "normal"]
[Board "7.1"]
[WhiteTitle "FM"]
[WhiteElo "2359"]
[BlackElo "2025"]
[WhiteClock "00:05:44"]
[BlackClock "00:03:14"]
[WhiteTeam "SK Doppelbauer Kiel"]
[BlackTeam "FC Ergolding 1932 e.V."]
[PlyCount "65"]
[WhiteFideId "12998656"]
[BlackFideId "12979406"]
[EventCountry "GER"]
[EventRounds "7"]
[EventType "team-swiss"]
[EventDate "2022.07.22"]

1. e4 {[%clk 01:30:57]} {[%emt 00:00:03]} c5 {[%clk 01:30:51]} {[%emt
00:00:09]} 2. Nf3 {[%clk 01:31:21]} {[%emt 00:00:05]} e6 {[%clk 01:31:13]}
{[%emt 00:00:09]} 3. d4 {[%clk 01:31:46]} {[%emt 00:00:05]} cxd4 {[%clk
01:31:27]} {[%emt 00:00:16]} 4. Nxd4 {[%clk 01:32:13]} {[%emt 00:00:02]} Nc6
{[%clk 01:31:51]} {[%emt 00:00:06]} 5. Nc3 {[%clk 01:32:38]} {[%emt 00:00:05]}
Qc7 {[%clk 01:32:17]} {[%emt 00:00:04]} 6. Qd3 {[%clk 01:33:04]} {[%emt
00:00:04]} a6 {[%clk 01:29:31]} {[%emt 00:03:16]} 7. Nxc6 {[%clk 01:33:25]}
{[%emt 00:00:09]} dxc6 {[%clk 01:24:55]} {[%emt 00:05:06]} 8. Qg3 {[%clk
01:33:46]} {[%emt 00:00:09]} Qxg3 {[%clk 01:23:34]} {[%emt 00:01:51]} 9. hxg3
{[%clk 01:33:51]} {[%emt 00:00:25]} e5 {[%clk 01:13:41]} {[%emt 00:10:22]} 10.
Be3 {[%clk 01:24:39]} {[%emt 00:09:43]} Nf6 {[%clk 01:09:06]} {[%emt 00:05:05]}
11. f3 {[%clk 01:06:30]} {[%emt 00:18:39]} Bb4 {[%clk 01:03:29]} {[%emt
00:06:07]} 12. Kf2 {[%clk 01:03:54]} {[%emt 00:03:06]} Be6 {[%clk 01:00:31]}
{[%emt 00:03:28]} 13. a3 {[%clk 00:53:50]} {[%emt 00:10:35]} Ba5 {[%clk
00:57:49]} {[%emt 00:03:11]} 14. Na4 {[%clk 00:51:18]} {[%emt 00:03:02]} Rd8
{[%clk 00:53:00]} {[%emt 00:05:18]} 15. Nc5 {[%clk 00:43:49]} {[%emt 00:08:00]}
Bc8 {[%clk 00:51:04]} {[%emt 00:02:26]} 16. Bc4 {[%clk 00:42:03]} {[%emt
00:02:16]} Bd2 {[%clk 00:43:46]} {[%emt 00:07:48]} 17. g4 {[%clk 00:40:20]}
{[%emt 00:02:14]} Bxe3+ {[%clk 00:42:18]} {[%emt 00:01:58]} 18. Kxe3 {[%clk
00:40:41]} {[%emt 00:00:09]} Ke7 {[%clk 00:42:04]} {[%emt 00:00:44]} 19. g5
{[%clk 00:35:50]} {[%emt 00:05:22]} Nd7 {[%clk 00:40:44]} {[%emt 00:01:48]} 20.
Nd3 {[%clk 00:32:09]} {[%emt 00:04:11]} f6 {[%clk 00:37:31]} {[%emt 00:03:43]}
21. gxf6+ {[%clk 00:28:19]} {[%emt 00:04:21]} gxf6 {[%clk 00:37:20]} {[%emt
00:00:40]} 22. Rh6 {[%clk 00:24:35]} {[%emt 00:04:15]} Nf8 {[%clk 00:33:42]}
{[%emt 00:04:08]} 23. Rah1 {[%clk 00:22:22]} {[%emt 00:02:42]} b6 {[%clk
00:25:06]} {[%emt 00:09:07]} 24. g4 {[%clk 00:13:43]} {[%emt 00:09:09]} Be6
{[%clk 00:15:20]} {[%emt 00:10:17]} 25. Bxe6 {[%clk 00:13:21]} {[%emt
00:00:52]} Nxe6 {[%clk 00:08:50]} {[%emt 00:06:59]} 26. Rxh7+ {[%clk 00:13:37]}
{[%emt 00:00:15]} Rxh7 {[%clk 00:09:13]} {[%emt 00:00:07]} 27. Rxh7+ {[%clk
00:14:02]} {[%emt 00:00:04]} Kd6 {[%clk 00:08:50]} {[%emt 00:00:53]} 28. c3
{[%clk 00:10:24]} {[%emt 00:04:09]} Ng5 {[%clk 00:04:51]} {[%emt 00:04:29]} 29.
Rb7 {[%clk 00:08:12]} {[%emt 00:02:42]} b5 {[%clk 00:05:14]} {[%emt 00:00:07]}
30. b4 {[%clk 00:07:17]} {[%emt 00:01:26]} a5 {[%clk 00:04:34]} {[%emt
00:01:11]} 31. Rg7 {[%clk 00:05:09]} {[%emt 00:02:37]} axb4 {[%clk 00:04:29]}
{[%emt 00:00:37]} 32. axb4 {[%clk 00:05:37]} {[%emt 00:00:02]} Nh3 {[%clk
00:03:14]} {[%emt 00:01:45]} 33. Nc5 {[%clk 00:05:44]} {[%emt 00:00:22]} 1-0

[Event "DVM U20 2021"]
[Site "Kiel GER"]
[Date "2022.07.23"]
[Round "2"]
[White "Lohr, Maximilian"]
[Black "Farokhi, Keyvan"]
[Result "1/2-1/2"]
[Termination "normal"]
[Board "7.2"]
[BlackTitle "FM"]
[WhiteElo "2092"]
[BlackElo "2332"]
[WhiteClock "00:37:24"]
[BlackClock "00:08:38"]
[WhiteTeam "FC Ergolding 1932 e.V."]
[BlackTeam "SK Doppelbauer Kiel"]
[PlyCount "80"]
[WhiteFideId "12999717"]
[BlackFideId "12998630"]
[EventCountry "GER"]
[EventRounds "7"]
[EventType "team-swiss"]
[EventDate "2022.07.22"]

1. d4 {[%clk 01:30:57]} {[%emt 00:00:02]} d5 {[%clk 01:30:54]} {[%emt
00:00:07]} 2. Nc3 {[%clk 01:31:22]} {[%emt 00:00:06]} Nf6 {[%clk 01:30:33]}
{[%emt 00:00:51]} 3. Bf4 {[%clk 01:31:47]} {[%emt 00:00:04]} g6 {[%clk
01:30:55]} {[%emt 00:00:07]} 4. f3 {[%clk 01:31:47]} {[%emt 00:00:30]} Bg7
{[%clk 01:19:39]} {[%emt 00:11:46]} 5. Qd2 {[%clk 01:31:52]} {[%emt 00:00:26]}
c6 {[%clk 01:15:33]} {[%emt 00:04:35]} 6. e4 {[%clk 01:30:58]} {[%emt
00:01:24]} b5 {[%clk 01:08:10]} {[%emt 00:07:53]} 7. e5 {[%clk 01:29:38]}
{[%emt 00:01:50]} Nfd7 {[%clk 01:08:25]} {[%emt 00:00:15]} 8. Bh6 {[%clk
01:29:05]} {[%emt 00:01:04]} Bxh6 {[%clk 01:05:17]} {[%emt 00:03:37]} 9. Qxh6
{[%clk 01:29:30]} {[%emt 00:00:05]} Nb6 {[%clk 01:05:33]} {[%emt 00:00:14]} 10.
Bd3 {[%clk 01:27:41]} {[%emt 00:02:18]} b4 {[%clk 01:04:18]} {[%emt 00:01:44]}
11. Nd1 {[%clk 01:27:33]} {[%emt 00:00:39]} Ba6 {[%clk 01:03:13]} {[%emt
00:01:33]} 12. Nh3 {[%clk 01:27:13]} {[%emt 00:00:53]} Bxd3 {[%clk 01:01:57]}
{[%emt 00:01:45]} 13. cxd3 {[%clk 01:27:06]} {[%emt 00:00:38]} Kd7 {[%clk
00:52:36]} {[%emt 00:09:51]} 14. Ng5 {[%clk 01:20:03]} {[%emt 00:07:33]} Qf8
{[%clk 00:52:33]} {[%emt 00:00:31]} 15. Qxf8 {[%clk 01:19:22]} {[%emt
00:01:11]} Rxf8 {[%clk 00:52:54]} {[%emt 00:00:09]} 16. Nxh7 {[%clk 01:19:49]}
{[%emt 00:00:03]} Rh8 {[%clk 00:52:06]} {[%emt 00:01:17]} 17. Ng5 {[%clk
01:20:13]} {[%emt 00:00:07]} f6 {[%clk 00:47:43]} {[%emt 00:04:53]} 18. Nh3
{[%clk 01:18:56]} {[%emt 00:01:48]} Na6 {[%clk 00:47:16]} {[%emt 00:00:56]} 19.
Kd2 {[%clk 01:13:56]} {[%emt 00:05:31]} c5 {[%clk 00:46:47]} {[%emt 00:00:58]}
20. dxc5 {[%clk 01:13:52]} {[%emt 00:00:35]} Nxc5 {[%clk 00:47:08]} {[%emt
00:00:09]} 21. Rc1 {[%clk 01:12:50]} {[%emt 00:01:31]} Rac8 {[%clk 00:43:02]}
{[%emt 00:04:36]} 22. exf6 {[%clk 01:13:07]} {[%emt 00:00:14]} exf6 {[%clk
00:43:24]} {[%emt 00:00:08]} 23. Ne3 {[%clk 01:13:22]} {[%emt 00:00:16]} Ne6
{[%clk 00:41:04]} {[%emt 00:02:49]} 24. Rxc8 {[%clk 01:06:04]} {[%emt
00:07:48]} Rxc8 {[%clk 00:41:26]} {[%emt 00:00:08]} 25. Rc1 {[%clk 01:06:28]}
{[%emt 00:00:07]} d4 {[%clk 00:34:34]} {[%emt 00:07:22]} 26. Nc4 {[%clk
01:06:19]} {[%emt 00:00:39]} Nd5 {[%clk 00:34:35]} {[%emt 00:00:28]} 27. Re1
{[%clk 01:05:52]} {[%emt 00:00:58]} Rh8 {[%clk 00:32:51]} {[%emt 00:02:14]} 28.
Rh1 {[%clk 01:00:45]} {[%emt 00:05:38]} g5 {[%clk 00:25:12]} {[%emt 00:08:08]}
29. Nf2 {[%clk 01:00:28]} {[%emt 00:00:47]} f5 {[%clk 00:24:32]} {[%emt
00:01:09]} 30. g3 {[%clk 00:58:40]} {[%emt 00:02:20]} f4 {[%clk 00:20:20]}
{[%emt 00:04:42]} 31. g4 {[%clk 00:58:10]} {[%emt 00:01:00]} Ne3 {[%clk
00:19:47]} {[%emt 00:01:04]} 32. h3 {[%clk 00:57:34]} {[%emt 00:01:06]} Nc5
{[%clk 00:15:06]} {[%emt 00:05:11]} 33. Rc1 {[%clk 00:55:06]} {[%emt 00:02:57]}
b3 {[%clk 00:14:26]} {[%emt 00:01:10]} 34. Ne5+ {[%clk 00:39:54]} {[%emt
00:15:42]} Kd6 {[%clk 00:07:54]} {[%emt 00:07:02]} 35. Nf7+ {[%clk 00:40:18]}
{[%emt 00:00:06]} Ke7 {[%clk 00:07:32]} {[%emt 00:00:52]} 36. Rxc5 {[%clk
00:39:42]} {[%emt 00:01:05]} bxa2 {[%clk 00:07:54]} {[%emt 00:00:08]} 37. Ra5
{[%clk 00:40:09]} {[%emt 00:00:03]} Rc8 {[%clk 00:08:06]} {[%emt 00:00:18]} 38.
Rxa7+ {[%clk 00:39:42]} {[%emt 00:00:58]} Kf8 {[%clk 00:08:30]} {[%emt
00:00:06]} 39. Rxa2 {[%clk 00:37:01]} {[%emt 00:03:11]} Rc2+ {[%clk 00:08:51]}
{[%emt 00:00:09]} 40. Ke1 {[%clk 00:37:24]} {[%emt 00:00:07]} Rc1+ {[%clk
00:08:38]} {[%emt 00:00:43]} 1/2-1/2

[Event "DVM U20 2021"]
[Site "Kiel GER"]
[Date "2022.07.23"]
[Round "2"]
[White "Rempe, Jonas"]
[Black "Lichtmannecker, Daniel"]
[Result "0-1"]
[Termination "normal"]
[Board "7.3"]
[WhiteElo "1861"]
[BlackElo "2013"]
[WhiteClock "00:34:54"]
[BlackClock "00:14:16"]
[WhiteTeam "SK Doppelbauer Kiel"]
[BlackTeam "FC Ergolding 1932 e.V."]
[PlyCount "86"]
[WhiteFideId "16202406"]
[BlackFideId "12979414"]
[EventCountry "GER"]
[EventRounds "7"]
[EventType "team-swiss"]
[EventDate "2022.07.22"]

1. e4 {[%clk 01:30:52]} {[%emt 00:00:07]} e5 {[%clk 01:30:50]} {[%emt
00:00:10]} 2. Nf3 {[%clk 01:31:17]} {[%emt 00:00:06]} Nf6 {[%clk 01:31:14]}
{[%emt 00:00:07]} 3. Nxe5 {[%clk 01:31:41]} {[%emt 00:00:05]} Nxe4 {[%clk
01:31:37]} {[%emt 00:00:07]} 4. Qe2 {[%clk 01:28:00]} {[%emt 00:04:10]} Qe7
{[%clk 01:31:54]} {[%emt 00:00:14]} 5. Qxe4 {[%clk 01:23:11]} {[%emt 00:05:19]}
d6 {[%clk 01:30:02]} {[%emt 00:02:23]} 6. d4 {[%clk 01:18:52]} {[%emt
00:04:48]} dxe5 {[%clk 01:30:24]} {[%emt 00:00:08]} 7. Qxe5 {[%clk 01:16:00]}
{[%emt 00:03:21]} Qxe5+ {[%clk 01:30:46]} {[%emt 00:00:09]} 8. dxe5 {[%clk
01:16:26]} {[%emt 00:00:04]} Bf5 {[%clk 01:31:09]} {[%emt 00:00:07]} 9. c3
{[%clk 01:07:23]} {[%emt 00:09:32]} Nd7 {[%clk 01:31:31]} {[%emt 00:00:09]} 10.
Bf4 {[%clk 01:07:20]} {[%emt 00:00:31]} O-O-O {[%clk 01:27:18]} {[%emt
00:04:45]} 11. Bc4 {[%clk 01:01:18]} {[%emt 00:06:31]} Nxe5 {[%clk 01:21:55]}
{[%emt 00:05:54]} 12. Bxe5 {[%clk 00:57:46]} {[%emt 00:04:02]} Re8 {[%clk
01:22:12]} {[%emt 00:00:13]} 13. f4 {[%clk 00:57:54]} {[%emt 00:00:21]} f6
{[%clk 01:21:53]} {[%emt 00:00:49]} 14. O-O {[%clk 00:58:19]} {[%emt 00:00:03]}
fxe5 {[%clk 01:22:11]} {[%emt 00:00:13]} 15. fxe5 {[%clk 00:58:46]} {[%emt
00:00:03]} Bc5+ {[%clk 01:20:20]} {[%emt 00:02:21]} 16. Kh1 {[%clk 00:59:04]}
{[%emt 00:00:09]} Rhf8 {[%clk 00:55:44]} {[%emt 00:25:09]} 17. Nd2 {[%clk
00:48:41]} {[%emt 00:10:52]} Rxe5 {[%clk 00:53:44]} {[%emt 00:02:32]} 18. Nf3
{[%clk 00:49:08]} {[%emt 00:00:03]} Ree8 {[%clk 00:49:39]} {[%emt 00:04:35]}
19. Rae1 {[%clk 00:48:37]} {[%emt 00:01:01]} Bd7 {[%clk 00:43:41]} {[%emt
00:06:29]} 20. Ng5 {[%clk 00:33:39]} {[%emt 00:15:26]} Rxf1+ {[%clk 00:33:55]}
{[%emt 00:10:18]} 21. Rxf1 {[%emt 00:00:05]} h6 {[%clk 00:31:02]} {[%emt
00:03:20]} 22. Nf3 {[%clk 00:34:26]} {[%emt 00:00:09]} b5 {[%clk 00:28:25]}
{[%emt 00:03:08]} 23. Bf7 {[%clk 00:28:42]} {[%emt 00:06:12]} Re2 {[%clk
00:26:42]} {[%emt 00:02:15]} 24. b4 {[%clk 00:21:42]} {[%emt 00:07:31]} Bb6
{[%clk 00:25:30]} {[%emt 00:01:43]} 25. c4 {[%clk 00:22:05]} {[%emt 00:00:06]}
bxc4 {[%clk 00:24:47]} {[%emt 00:01:12]} 26. Bxc4 {[%clk 00:22:32]} {[%emt
00:00:03]} Rb2 {[%clk 00:17:18]} {[%emt 00:07:59]} 27. a3 {[%clk 00:18:10]}
{[%emt 00:04:52]} Bc6 {[%clk 00:14:56]} {[%emt 00:02:52]} 28. Rd1 {[%clk
00:16:35]} {[%emt 00:02:04]} Kb7 {[%clk 00:14:45]} {[%emt 00:00:42]} 29. h3
{[%clk 00:16:19]} {[%emt 00:00:44]} Be3 {[%clk 00:11:59]} {[%emt 00:03:17]} 30.
Re1 {[%clk 00:15:01]} {[%emt 00:01:48]} Bf4 {[%clk 00:11:03]} {[%emt 00:01:27]}
31. Re2 {[%clk 00:15:08]} {[%emt 00:00:21]} Rxe2 {[%clk 00:09:16]} {[%emt
00:02:18]} 32. Bxe2 {[%clk 00:15:37]} {[%emt 00:00:01]} Ba4 {[%clk 00:08:34]}
{[%emt 00:01:12]} 33. Nd4 {[%clk 00:15:24]} {[%emt 00:00:43]} Bc1 {[%clk
00:08:15]} {[%emt 00:00:49]} 34. Ne6 {[%clk 00:14:41]} {[%emt 00:01:13]} Bc2
{[%clk 00:06:50]} {[%emt 00:01:56]} 35. a4 {[%clk 00:05:39]} {[%emt 00:09:33]}
Bb2 {[%clk 00:06:59]} {[%emt 00:00:20]} 36. Nd8+ {[%clk 00:05:35]} {[%emt
00:00:34]} Kc8 {[%clk 00:06:47]} {[%emt 00:00:42]} 37. Nc6 {[%clk 00:05:33]}
{[%emt 00:00:32]} Bxa4 {[%clk 00:06:20]} {[%emt 00:00:57]} 38. Ba6+ {[%clk
00:06:00]} {[%emt 00:00:03]} Kd7 {[%clk 00:06:41]} {[%emt 00:00:09]} 39. Nxa7
{[%clk 00:06:25]} {[%emt 00:00:06]} Bc3 {[%clk 00:05:38]} {[%emt 00:01:32]} 40.
b5 {[%clk 00:06:14]} {[%emt 00:00:41]} Kd6 {[%clk 00:04:44]} {[%emt 00:01:23]}
41. Kh2 {[%clk 00:06:02]} {[%emt 00:00:42]} Be5+ {[%clk 00:15:45]} {[%emt
00:19:31]} 42. g3 {[%clk 00:36:05]} {[%emt 00:00:26]} Bd4 {[%clk 00:15:14]}
{[%emt 00:00:59]} 43. Nc8+ {[%clk 00:34:54]} {[%emt 00:01:44]} Kc5 {[%clk
00:14:16]} {[%emt 00:01:28]} 0-1